[Event "Abruzzo Region-ch"]
[Site "Teramo"]
[Date "2011.05.21"]
[Round "1"]
[White "Scurti, Gino"]
[Black "Di Matteo, Giovanni"]
[Result "0-1"]
[WhiteElo "1694"]
[BlackElo "2004"]
[PlyCount "79"]
[EventDate "2011.05.21"]
[EventType "swiss"]
[EventRounds "6"]
[EventCountry "ITA"]
[SourceTitle "EXT 2024"]
[Source "ChessBase"]
[SourceDate "2023.10.10"]
[SourceVersion "1"]
[SourceVersionDate "2023.10.10"]
[SourceQuality "1"]

1. e4 e6 2. d3 d5 3. exd5 exd5 4. Nf3 Nf6 5. Be2 Bd6 6. Nbd2 c5 7. h3 Nc6 8. c4 d4 9. Ne4 Nxe4 10. dxe4 0-0 11. 0-0 Re8 12. Bd3 Nb4 13. a3 Nxd3 14. Qxd3 a6 15. Re1 f6 16. Bd2 Qc7 17. b4 b6 18. Rab1 Bb7 19. bxc5 bxc5 20. Ba5 Qe7 21. Nd2 Rab8 22. f3 Bg3 23. Red1 Bc6 24. Nf1 Bd6 25. Rb6 Rxb6 26. Bxb6 Qb7 27. Ba5 Rb8 28. Nd2 Bf4 29. Rb1 Qc8 30. Rb6 Ba4 31. Nf1 Rxb6 32. Bxb6 Qc6 33. Ba5 Qb7 34. g3 Bc1 35. Bd2 Qb2 36. Bxc1 Qxc1 37. Qd2 Qxa3 38. Qf4 Bb5 39. Qb8+ Kf7 40. Qb6 0-1

[Event "Porto Sant Elpidio op-A 6th"]
[Site "Porto Sant Elpidio"]
[Date "2003.11.15"]
[Round "1"]
[White "Di Martino, Antonio"]
[Black "Di Matteo, Giovanni"]
[Result "0-1"]
[WhiteElo "2053"]
[BlackElo "1816"]
[PlyCount "114"]
[EventDate "2003.11.15"]
[EventType "swiss"]
[EventRounds "6"]
[EventCountry "ITA"]
[SourceTitle "EXT 2024"]
[Source "ChessBase"]
[SourceDate "2023.10.10"]
[SourceVersion "1"]
[SourceVersionDate "2023.10.10"]
[SourceQuality "1"]

1. e4 e6 2. d4 d5 3. Nd2 dxe4 4. Nxe4 Nf6 5. Nxf6+ Qxf6 6. Nf3 Nd7 7. Bg5 Qf5 8. Bd3 Qa5+ 9. Qd2 Qxd2+ 10. Bxd2 Bd6 11. 0-0-0 a5 12. Rhe1 c6 13. c4 0-0 14. g4 Bb4 15. h4 Bxd2+ 16. Rxd2 e5 17. dxe5 Nc5 18. g5 Be6 19. b3 a4 20. Bc2 axb3 21. axb3 b5 22. b4 Na4 23. cxb5 cxb5 24. Be4 Rfc8+ 25. Rc2 Rxc2+ 26. Bxc2 Nc3 27. Kd2 Na2 28. Rb1 Rd8+ 29. Ke3 Nc3 30. Rb2 Nd5+ 31. Ke4 Nc3+ 32. Kf4 Ne2+ 33. Ke3 Nc3 34. Bb3 Bc4 35. Nd4 g6 36. f4 Rd7 37. Nc6 Rd3+ 38. Kf2 Ne4+ 39. Kg1 Rxb3 40. Rxb3 Bxb3 41. Kg2 Nc3 42. Nd4 Bd5+ 43. Kf2 Na2 44. Nxb5 Nxb4 45. Nd4 Kf8 46. f5 Nc6 47. Nxc6 Bxc6 48. fxg6 fxg6 49. Kg3 Ke7 50. Kg4 Bd7+ 51. Kf4 Bf5 52. h5 Ke6 53. hxg6 hxg6 54. Kg3 Kxe5 55. Kh4 Bd7 56. Kg3 Kf5 57. Kh4 Bb5 0-1